Madárhangok a fuvola- és a zenekari irodalomban

Elmentve itt :
Bibliográfiai részletek
Szerző: Vörös Ildikó
További közreműködők: Lass Zoltán (Témavezető)
Dokumentumtípus: Szakdolgozat
Megjelent: 2005
Tárgyszavak:
Online Access:http://diploma.bibl.u-szeged.hu/36136
LEADER 00534nta a2200157 i 4500
001 dipl36136
005 20210225093313.0
008 120203s2005 hu om 0|| hun d
040 |a SZTE Diploma Repozitórium  |b hun 
041 |a hun 
100 1 |a Vörös Ildikó 
245 1 0 |a Madárhangok a fuvola- és a zenekari irodalomban  |h [elektronikus dokumentum] /  |c Ildikó Vörös 
260 |c 2005 
650 4 |a Művészet 
700 1 |a Lass Zoltán  |e ths 
856 4 0 |u http://diploma.bibl.u-szeged.hu/id/eprint/36136/1/2005_voros_ildiko.pdf  |z Dokumentum-elérés